<?xml version="1.0" encoding="UTF-8"?>
<marc:record xmlns:marc="http://www.loc.gov/MARC21/slim">
   <marc:leader>00000nam a2200000 a 4500</marc:leader>
   <marc:datafield ind1="0" ind2="0" tag="245">
      <marc:subfield code="a">Lucky Star mitten ins Herz</marc:subfield>
   </marc:datafield>
   <marc:datafield ind1="0" ind2="0" tag="245">
      <marc:subfield code="b">Deutsch, Französisch</marc:subfield>
   </marc:datafield>
   <marc:datafield ind1=" " ind2="1" tag="264">
      <marc:subfield code="b">Tiberius Film</marc:subfield>
      <marc:subfield code="c">2012</marc:subfield>
   </marc:datafield>
   <marc:datafield ind1="1" ind2=" " tag="490">
      <marc:subfield code="a">2</marc:subfield>
   </marc:datafield>
   <marc:datafield ind1="1" ind2=" " tag="520">
      <marc:subfield code="a">Louise Barthelemy lebt ein glückliches Leben inmitten der Pferdefarm ihrer Eltern. Als ihre Mutter stirbt, bleibt Louise mit ihrem Vater zurück. Doch dann laufen die Geschäfte immer schlechter und die Farm steht vor ihrem Ruin. Louise beschließt, die harte Schule der Jockey-Ausbildung zu beginnen. Dort lernt sie den jungen Lehrer Julien kennen, der ihr zu Beginn das Leben gar nicht einfach macht. Herzergreifende Geschichte über das Erwachsen werden!</marc:subfield>
   </marc:datafield>
   <marc:datafield ind1=" " ind2=" " tag="020">
      <marc:subfield code="a">4041658228015</marc:subfield>
      <marc:subfield code="9">4041658228015</marc:subfield>
   </marc:datafield>
   <marc:datafield ind1="0" ind2=" " tag="490">
      <marc:subfield code="v">0</marc:subfield>
   </marc:datafield>
   <marc:datafield ind1=" " ind2=" " tag="300">
      <marc:subfield code="a">92 min.</marc:subfield>
   </marc:datafield>
</marc:record>
